00650nmm a22001697a 4500003000400000005001700004008004100021040001000062082002700072100001900099245009100118300004100209336000800250337000600258520019700264650001900461OSt20240502102354.0240214b |||||||| |||| 00| 0 eng d cMPSPC aTAV-GC 551.5 L523 2010 aLegarda, Loren aBuhos:ba documentary on climate changeh[videorecording] / cby Senator Loren Legarda a1 videodisc:bsd., col. ; c4 ¾ in. btxt bn aThis is a documentary about climate change which cited a significant contribution in educating the entire nation on the devastating impact on climate change and global warming to our country.  aClimate change